[Event "SLO-chT1 West"]
[Site "Ljubljana"]
[Date "2015.11.08"]
[Round "6"]
[White "Krzisnik, Jure"]
[Black "Zamar Kodelja, Jurij"]
[Result "1-0"]
[WhiteElo "1880"]
[BlackElo "2036"]
[PlyCount "97"]
[EventDate "2015.10.16"]
[EventType "team-tourn"]
[EventRounds "9"]
[EventCountry "SLO"]
[SourceTitle "EXT 2019"]
[Source "ChessBase"]
[SourceDate "2018.10.10"]
[SourceVersion "1"]
[SourceVersionDate "2018.10.10"]
[SourceQuality "1"]
[WhiteTeam "Gorenjka Lesce"]
[BlackTeam "Nova Gorica"]
[WhiteTeamCountry "SLO"]
[BlackTeamCountry "SLO"]

1. c4 Nf6 2. g3 c5 3. Bg2 g6 4. Nc3 Bg7 5. e3 0-0 6. Nge2 Nc6 7. 0-0 d6 8. d4 cxd4 9. Nxd4 Ne5 10. b3 Bg4 11. Qc2 Qd7 12. Bb2 Rac8 13. Rac1 a6 14. f4 Nc6 15. Ne4 Nxd4 16. Bxd4 Nxe4 17. Qxe4 b5 18. Bxg7 Kxg7 19. Qb7 bxc4 20. Qxa6 Qe6 21. Qb6 Rc5 22. Rc3 Be2 23. Rfc1 Bd3 24. Kf2 Qg4 25. Bf3 Qh3 26. Kg1 Rfc8 27. b4 Rf5 28. Rxd3 cxd3 29. Rxc8 Rh5 30. Bxh5 Qxc8 31. Bd1 f6 32. Qd4 Qa6 33. a4 e5 34. b5 Qa5 35. Qxd3 Qb4 36. Kf2 h5 37. Qd5 h4 38. Qc6 exf4 39. gxf4 g5 40. fxg5 fxg5 41. Qd7+ Kf6 42. Qg4 Qb1 43. b6 d5 44. h3 Qc1 45. Be2 Qc6 46. a5 Qd6 47. b7 Qc7 48. a6 Qb8 49. Qc8 1-0

[Event "SLO-chT1 West"]
[Site "Ljubljana"]
[Date "2015.10.18"]
[Round "3"]
[White "Ribicic, Marko"]
[Black "Krzisnik, Jure"]
[Result "1/2-1/2"]
[WhiteElo "1842"]
[BlackElo "1880"]
[PlyCount "51"]
[EventDate "2015.10.16"]
[EventType "team-tourn"]
[EventRounds "9"]
[EventCountry "SLO"]
[SourceTitle "EXT 2019"]
[Source "ChessBase"]
[SourceDate "2018.10.10"]
[SourceVersion "1"]
[SourceVersionDate "2018.10.10"]
[SourceQuality "1"]
[WhiteTeam "Piran"]
[BlackTeam "Gorenjka Lesce"]
[WhiteTeamCountry "SLO"]
[BlackTeamCountry "SLO"]

1. Nf3 d5 2. e3 Nf6 3. d4 Bg4 4. c4 c6 5. Qb3 Qc7 6. Ne5 Be6 7. Nc3 dxc4 8. Bxc4 Bxc4 9. Qxc4 e6 10. Bd2 Bd6 11. f4 Nbd7 12. Rc1 Rc8 13. Qd3 Nd5 14. 0-0 Nxc3 15. Bxc3 0-0 16. Rf3 Nf6 17. Rcf1 Nd5 18. Rh3 f5 19. Qe2 Nf6 20. Nf3 Ne4 21. Ne5 Bxe5 22. fxe5 Rf7 23. Rhf3 Ng5 24. Rg3 Ne4 25. Rgf3 Ng5 26. Rg3 1/2-1/2

[Event "SLO-chT1 West"]
[Site "Ljubljana"]
[Date "2010.09.25"]
[Round "2.6"]
[White "Krzisnik, Jure"]
[Black "Starcic, Tadej"]
[Result "1/2-1/2"]
[WhiteElo "1903"]
[BlackElo "2131"]
[PlyCount "72"]
[EventDate "2010.09.24"]
[EventType "team-tourn"]
[EventRounds "9"]
[EventCountry "SLO"]
[SourceTitle "CBM 138 Extra"]
[Source "ChessBase"]
[SourceDate "2010.10.29"]
[SourceVersion "1"]
[SourceVersionDate "2010.10.29"]
[SourceQuality "1"]
[WhiteTeam "Gorenjka Lesce"]
[BlackTeam "Ljubljana Vidmar"]
[WhiteTeamCountry "SLO"]
[BlackTeamCountry "SLO"]

1. e4 e6 2. d4 d5 3. exd5 exd5 4. Bd3 Bd6 5. Nf3 Ne7 6. 0-0 Bg4 7. Re1 Nd7 8. c3 c6 9. Be3 Qc7 10. h3 Bh5 11. Nbd2 Nf8 12. Qc2 Ne6 13. Nh4 Bg6 14. Nf5 Nxf5 15. Bxf5 0-0 16. Nf3 Rfe8 17. Ng5 Re7 18. Nxe6 Rxe6 19. Bd2 Rae8 20. Rxe6 Rxe6 21. Re1 Rxe1+ 22. Bxe1 Qe7 23. Kf1 Kf8 24. Bxg6 hxg6 25. Bd2 b5 26. b4 f5 27. a4 Qe4 28. Qxe4 dxe4 29. axb5 cxb5 30. g3 Kf7 31. Bg5 Ke6 32. Ke2 Kd5 33. Kd2 Kc4 34. Kc2 a6 35. Bf4 Bf8 36. h4 Kd5 1/2-1/2

[Event "SLO-chT1 West"]
[Site "Ljubljana"]
[Date "2008.11.22"]
[Round "7.6"]
[White "Ivanusa, Blaz"]
[Black "Krzisnik, Jure"]
[Result "1-0"]
[WhiteElo "1971"]
[BlackElo "1923"]
[PlyCount "115"]
[EventDate "2008.11.13"]
[EventType "team-tourn"]
[EventRounds "9"]
[EventCountry "SLO"]
[SourceTitle "EXT 2010"]
[Source "ChessBase"]
[SourceDate "2010.11.25"]
[SourceVersion "1"]
[SourceVersionDate "2010.11.25"]
[SourceQuality "1"]
[WhiteTeam "Trebnje BMP"]
[BlackTeam "Gorenjka Lesce"]
[WhiteTeamCountry "SLO"]
[BlackTeamCountry "SLO"]

1. Nf3 d5 2. c4 Nf6 3. cxd5 Nxd5 4. g3 c6 5. Bg2 Nd7 6. 0-0 e5 7. e4 N5f6 8. d4 exd4 9. Nxd4 Bc5 10. Nb3 Bb6 11. Nc3 0-0 12. Na4 Bc7 13. Qc2 Nb6 14. Nac5 Nbd7 15. Be3 Bb6 16. Rad1 Qe8 17. Rfe1 Nxc5 18. Nxc5 Nd7 19. b4 Nxc5 20. bxc5 Ba5 21. Re2 Bg4 22. f3 Be6 23. Qa4 Bc7 24. Red2 f5 25. f4 fxe4 26. Qxe4 Bg4 27. Rc1 Qxe4 28. Bxe4 Rfe8 29. Rc4 Re7 30. Bf2 Rae8 31. Bg2 Re2 32. Rxe2 Bxe2 33. Ra4 Rd8 34. Be3 Ba6 35. Bf3 Re8 36. Kf2 Re6 37. f5 Rf6 38. Be4 Be5 39. h3 g6 40. g4 gxf5 41. gxf5 h6 42. Bc2 Kf8 43. Rh4 Kg7 44. Kf3 Bf1 45. Ke4 Bb2 46. Rg4+ Kh7 47. Rg3 Bc4 48. a3 Rf7 49. Rg6 Rf6 50. Rg4 Bc3 51. Bd4 Bd5+ 52. Kd3 Bxd4 53. Kxd4 h5 54. Rg5 Kh6 55. h4 b6 56. Ke5 Rf7 57. f6 b5 58. Rg8 1-0

[Event "SLO-chT U20"]
[Site "Otocec"]
[Date "2006.08.19"]
[Round "1"]
[White "Krzisnik, Jure"]
[Black "Srebrnic, Marko"]
[Result "0-1"]
[WhiteElo "1962"]
[BlackElo "2285"]
[PlyCount "54"]
[EventDate "2006.08.19"]
[EventType "team"]
[EventRounds "9"]
[EventCountry "SLO"]
[SourceTitle "EXT 2007"]
[Source "ChessBase"]
[SourceDate "2006.11.23"]
[SourceVersion "1"]
[SourceVersionDate "2006.11.23"]
[SourceQuality "1"]

1. e4 c5 2. Nf3 Nc6 3. d4 cxd4 4. Nxd4 e5 5. Nf3 Nf6 6. Nc3 Bb4 7. Bd3 d5 8. Bg5 d4 9. a3 Ba5 10. b4 Nxb4 11. axb4 Bxb4 12. 0-0 Bxc3 13. Rb1 Qd6 14. Bb5+ Bd7 15. Bxd7+ Nxd7 16. Rxb7 0-0 17. Rb3 Qc6 18. Qe2 f6 19. Bc1 Rfb8 20. Nh4 Rxb3 21. cxb3 Qe6 22. Nf5 g6 23. Qg4 Kh8 24. Bh6 Rg8 25. Ne3 Qxg4 26. Nxg4 f5 27. Kh1 fxg4 0-1

[Event "SLO-chT2 West"]
[Site "Kranj"]
[Date "2005.10.15"]
[Round "2.2"]
[White "Trivuncevic, Bosko"]
[Black "Krzisnik, Jure"]
[Result "1-0"]
[WhiteElo "2023"]
[BlackElo "1962"]
[PlyCount "75"]
[EventDate "2005.10.14"]
[EventType "team"]
[EventRounds "5"]
[EventCountry "SLO"]
[SourceTitle "EXT 2009"]
[Source "ChessBase"]
[SourceDate "2008.11.26"]
[SourceVersion "1"]
[SourceVersionDate "2008.11.26"]
[SourceQuality "1"]

1. e4 c5 2. Nf3 Nc6 3. d4 cxd4 4. Nxd4 Nf6 5. Nc3 e6 6. Bg5 Bb4 7. Nxc6 bxc6 8. e5 h6 9. Bd2 Nd5 10. Ne4 Qc7 11. f4 Nxf4 12. Bxb4 Qxe5 13. Qf3 d5 14. Bc3 Qxe4+ 15. Qxe4 dxe4 16. Bxg7 Rg8 17. Bxh6 Nxg2+ 18. Kf2 Nh4 19. Re1 f5 20. Bf4 Bb7 21. Bg3 Nf3 22. Rd1 c5 23. Bb5+ Kf7 24. Rd7+ Kf6 25. Rxb7 e5 26. Bc4 Rh8 27. Rd1 f4 28. Rd6+ Kf5 29. Rf7+ Kg5 30. Rg7+ Kf5 31. Rf7+ Kg5 32. h4+ Kh5 33. Rf5+ Kg4 34. Rxf4+ exf4 35. Be6+ Kh5 36. Bxf4 Nxh4 37. Kg3 Rhg8+ 38. Kh3 1-0

[Event "SLO-chT2 West"]
[Site "Kranj"]
[Date "2004.10.15"]
[Round "1.1"]
[White "Krzisnik, Jure"]
[Black "Solmajer, Luka"]
[Result "0-1"]
[WhiteElo "1961"]
[BlackElo "2054"]
[PlyCount "46"]
[EventDate "2004.10.15"]
[EventType "team"]
[EventRounds "3"]
[EventCountry "SLO"]
[SourceTitle "EXT 2009"]
[Source "ChessBase"]
[SourceDate "2008.11.26"]
[SourceVersion "1"]
[SourceVersionDate "2008.11.26"]
[SourceQuality "1"]

1. e4 e6 2. d4 d5 3. exd5 exd5 4. Bd3 Bd6 5. Nf3 Ne7 6. 0-0 0-0 7. Re1 h6 8. h3 Bf5 9. Nc3 c6 10. Ne5 Nd7 11. f4 Qc7 12. Qh5 Bxd3 13. Nxd3 Nf6 14. Qf3 Nf5 15. Ne2 Ne4 16. Ne5 c5 17. c3 cxd4 18. cxd4 Bb4 19. Rd1 Rfe8 20. a3 Ba5 21. b4 Bb6 22. Kh1 Qc2 23. Be3 Qxe2 0-1

[Event "SLO-chT U20"]
[Site "Novo Mesto"]
[Date "2003.08.27"]
[Round "6"]
[White "Krzisnik, Jure"]
[Black "Sakelsek, Tadej"]
[Result "0-1"]
[WhiteElo "1970"]
[BlackElo "2351"]
[PlyCount "54"]
[EventDate "2003.08.23"]
[EventType "team"]
[EventRounds "7"]
[EventCountry "SLO"]
[SourceTitle "EXT 2005"]
[Source "ChessBase"]
[SourceDate "2004.11.15"]
[SourceVersion "1"]
[SourceVersionDate "2004.11.15"]
[SourceQuality "1"]

1. e4 c5 2. Nf3 Nc6 3. d4 cxd4 4. Nxd4 Qc7 5. Nc3 e6 6. a3 a6 7. Be3 Nf6 8. Be2 Nxd4 9. Bxd4 Bd6 10. h3 b5 11. Qd3 Bb7 12. Rd1 Be5 13. 0-0 Bxd4 14. Qxd4 e5 15. Qe3 0-0 16. Rd2 Bc6 17. Nd5 Bxd5 18. exd5 d6 19. f4 Rfe8 20. fxe5 Rxe5 21. Qf3 Rae8 22. c3 R8e7 23. Kh1 h6 24. Rfd1 Ne4 25. Rc2 Nf6 26. Rcd2 Qc5 27. Bf1 Re3 0-1